Normal view
MARC view
- Janjua, Taha Al Muhammadee
Entry Personal Name
001 - CONTROL NUMBER
- control field: 16122
003 - CONTROL NUMBER IDENTIFIER
- control field: NUST
005 - DATE AND TIME OF LATEST TRANSACTION
- control field: 20190701050653.0
008 - FIXED-LENGTH DATA ELEMENTS
- fixed length control field: 190701|| aca||aabn | a|a d
040 ## - CATALOGING SOURCE
- Original cataloging agency: NUST
- Transcribing agency: NUST
100 ## - HEADING--PERSONAL NAME
- Personal name: Janjua, Taha Al Muhammadee
670 ## - SOURCE DATA FOUND
- Source citation: Work cat.: (NUST): Janjua, Taha Al Muhammadee, Identifying the Effects of Chiropractic Intervention on the Anterior Tibialis Muscle using High Surface Electromyography, 2017.
